| 000 | 02492cam a2200481 i 4500 | ||
|---|---|---|---|
| 001 | 21984690 | ||
| 003 | OSt | ||
| 005 | 20260415093927.0 | ||
| 008 | 210407s2021 ne ab b 001 0 eng d | ||
| 010 | _a 2021936723 | ||
| 015 |
_aGBC178751 _2bnb |
||
| 016 | 7 |
_a020200773 _2Uk |
|
| 020 |
_a0128229004 _q(paperback) |
||
| 020 |
_a9780128229002 _q(paperback) |
||
| 020 |
_z9780128230886 _q(ePub ebook) |
||
| 035 | _a21984690 | ||
| 035 | _a(OCoLC)1181843099 | ||
| 040 |
_aYDX _beng _cYDX _erda _dBDX _dUKMGB _dOCLCO _dOCLCF _dYDX _dOCLCQ _dOCLCO _dDLC |
||
| 042 | _alccopycat | ||
| 050 | 0 | 0 |
_aHE305 _b.J55 2021 |
| 082 | 0 | 4 |
_a388 J55 2021 _223 |
| 100 | 1 |
_aJiao, Junfeng, _eauthor. |
|
| 245 | 1 | 0 |
_aShared mobility / _cJunfeng Jiao. |
| 264 | 1 |
_aAmsterdam, Netherlands ; _aCambridge, MA, United States : _bElsevier, _c[2021] |
|
| 300 |
_avii, 153 pages : _billustrations, maps ; _c23 cm |
||
| 336 |
_atext _btxt _2rdacontent |
||
| 337 |
_aunmediated _bn _2rdamedia |
||
| 338 |
_avolume _bnc _2rdacarrier |
||
| 504 | _aIncludes bibliographical references and index. | ||
| 520 |
_a"Shared Mobility offers a current view on one of the most significant economic activities in recent years. While most studies investigate shared mobility services and transportation piecemeal by city, mode, or company, this book focuses on transportation network companies themselves, highlighting shared bikes and E-scooters. Sections cover how they perform at the local or regional level in an effort to help governments better plan and regulate these emerging services. Shared Mobility explores the opportunities and challenges in these new systems and provides a thorough and succinct reference text for researchers, graduate students, and professionals in the fields of transportation planning, transportation engineering, and urban planning"-- _cProvided by publisher |
||
| 650 | 0 | _aUrban transportation. | |
| 650 | 0 | _aShared services (Management) | |
| 650 | 6 | _aTransports urbains. | |
| 650 | 6 | _aServices partagés (Gestion) | |
| 650 | 7 |
_aurban transportation. _2aat |
|
| 650 | 7 |
_aShared services (Management) _2fast _0(OCoLC)fst01115267 |
|
| 650 | 7 |
_aUrban transportation. _2fast _0(OCoLC)fst01162609 |
|
| 776 | 0 | 8 |
_iEbook version : _z9780128230886 |
| 906 |
_a7 _bcbc _ccopycat _d2 _encip _f20 _gy-gencatlg |
||
| 942 |
_2ddc _cBK-EN _n0 |
||
| 999 |
_c8904 _d8904 |
||